[Event "Avoine op 35th"]
[Site "Avoine"]
[Date "2021.07.??"]
[Round "3.7"]
[White "Ralle, Pierre"]
[Black "Dutreuil, Raphael"]
[Result "0-1"]
[WhiteElo "1982"]
[BlackElo "2309"]
[PlyCount "78"]
[EventDate "2021.07.18"]
[EventType "swiss"]
[EventRounds "9"]
[EventCountry "FRA"]
[SourceTitle "EXT 2023"]
[Source "ChessBase"]
[SourceDate "2022.10.05"]
[SourceVersion "1"]
[SourceVersionDate "2022.10.05"]
[SourceQuality "1"]

1. d4 Nf6 2. c4 e6 3. Nc3 Bb4 4. e3 c5 5. Nf3 0-0 6. Bd3 Bxc3+ 7. bxc3 d6 8. 0-0 Nc6 9. e4 e5 10. d5 Ne7 11. Nh4 Ng6 12. Nf5 Nf4 13. Bxf4 exf4 14. Qf3 Bxf5 15. exf5 Qa5 16. Qxf4 Qxc3 17. Rad1 Rad8 18. Rfe1 Rfe8 19. Rxe8+ Rxe8 20. g3 Nd7 21. Qd2 Qxd2 22. Rxd2 Re1+ 23. Kg2 Ne5 24. Bf1 Rc1 25. Re2 Kf8 26. Re4 Rc2 27. Re2 Rc1 28. Re4 Ra1 29. Rh4 h6 30. f6 Rxa2 31. fxg7+ Kxg7 32. Re4 a5 33. Re1 a4 34. Rb1 a3 35. Rxb7 Rb2 36. Ra7 a2 37. h3 Kf6 38. g4 Ng6 39. Kf3 Rb1 0-1